Бог не играет в кости: моя теория относительности

Detalhes bibliográficos
Autor principal: Эйнштейн А. Альберт
Resumo:Известный главным образом как создатель специальной и общей теории относительности, Альберт Эйнштейн стал, пожалуй, самым знаменитым ученым XX века, воплощением человеческого гения. Он коренным образом изменил наши взгляды на материю, пространство и время. Мы в благоговейном восхищении и растерянности стоим перед фигурой этого человека, чьи мысли лежат за пределами нашего разума, чей вклад в развитие науки и цивилизации по-настоящему могут оценить считаные единицы. Но существует и другая сторона личности Альберта Эйнштейна. Она проявляется в том, какие «обычные» проблемы его волновали, как он относился к тем или иным социальным явлениям, что говорил по этому поводу. Тем более это интересно, когда его собеседниками становятся такие незаурядные люди, как, например, Зигмунд Фрейд или Конрад Лоренц. В этой книге собраны письма, беседы и размышления Эйнштейна о философии, религии и мировоззрении. Ученый рассуждает о Боге, науке и человеке, делится своими гипотезами, делает выводы. Эта книга поможет вам объективно взглянуть на фигуру Эйнштейна, понять суть его теории и основу его взглядов на жизнь.
Idioma:russo
Publicado em: Москва, Родина, 2020
Colecção:Кот Шредингера
Assuntos:
Formato: Livro
KOHA link:https://koha.lib.tpu.ru/cgi-bin/koha/opac-detail.pl?biblionumber=379399

MARC

LEADER 00000nam0a2200000 4500
001 379399
005 20240208141623.0
010 |a 978-5-907332-61-4 
035 |a (RuTPU)RU\TPU\retro\36866 
090 |a 379399 
100 |a 20231002d2020 km|y0rusy50 ca 
101 0 |a rus 
102 |a RU 
105 |a y z 000yb 
181 0 |a i   |b  e  
182 0 |a n 
183 0 |a nc  |2 RDAcarrier 
200 1 |a Бог не играет в кости: моя теория относительности  |f Альберт Эйнштейн 
203 |a Текст  |b визуальный  |c непосредственный 
210 |a Москва  |c Родина  |d 2020 
215 |a 256 с. 
225 1 |a Кот Шредингера 
283 |a volume  |2 RDAcarrier 
330 |a Известный главным образом как создатель специальной и общей теории относительности, Альберт Эйнштейн стал, пожалуй, самым знаменитым ученым XX века, воплощением человеческого гения. Он коренным образом изменил наши взгляды на материю, пространство и время. Мы в благоговейном восхищении и растерянности стоим перед фигурой этого человека, чьи мысли лежат за пределами нашего разума, чей вклад в развитие науки и цивилизации по-настоящему могут оценить считаные единицы. Но существует и другая сторона личности Альберта Эйнштейна. Она проявляется в том, какие «обычные» проблемы его волновали, как он относился к тем или иным социальным явлениям, что говорил по этому поводу. Тем более это интересно, когда его собеседниками становятся такие незаурядные люди, как, например, Зигмунд Фрейд или Конрад Лоренц. В этой книге собраны письма, беседы и размышления Эйнштейна о философии, религии и мировоззрении. Ученый рассуждает о Боге, науке и человеке, делится своими гипотезами, делает выводы. Эта книга поможет вам объективно взглянуть на фигуру Эйнштейна, понять суть его теории и основу его взглядов на жизнь. 
600 1 |a Эйнштейн  |b А.  |c немецкий физик-теоретик  |c Нобелевский лауреат  |f 1879-1955  |g Альберт  |9 364 
606 1 |a Физики  |x Персоналии  |9 83245 
610 1 |a физика 
610 1 |a размышления 
610 1 |a теория относительности 
610 1 |a сионизм 
610 1 |a ученые 
610 1 |a человек 
610 1 |a философия 
610 1 |a духовное развитие 
610 1 |a социализм 
610 1 |a наука 
610 1 |a разум 
610 1 |a истина 
610 1 |a письма 
610 1 |a религия 
610 1 |a Бог 
675 |a 53(092)  |v 4  |z rus 
700 1 |a Эйнштейн  |b А.  |c немецкий физик-теоретик  |c Нобелевский лауреат  |f 1879-1955  |g Альберт  |4 070  |9 364 
801 1 |a RU  |b 63413507  |c 20231002 
942 |c BK